[Event "HK-chT 1920 Master"]
[Site "Denmark"]
[Date "2019.12.01"]
[Round "3"]
[White "Holst, Peter"]
[Black "Andersen, Bjarne Hjorth"]
[Result "1-0"]
[WhiteElo "1906"]
[BlackElo "1909"]
[PlyCount "125"]
[EventDate "2019.10.27"]
[EventType "team-tourn"]
[EventRounds "7"]
[EventCountry "DEN"]
[SourceTitle "EXT 2025"]
[Source "ChessBase"]
[SourceDate "2024.10.14"]
[SourceVersion "1"]
[SourceVersionDate "2024.10.14"]
[SourceQuality "1"]
[WhiteTeam "Nykobing S"]
[BlackTeam "Koge III"]
[WhiteTeamCountry "DEN"]
[BlackTeamCountry "DEN"]

1. e4 c6 2. d4 d5 3. f3 e6 4. Nc3 Bb4 5. Nge2 dxe4 6. fxe4 Nf6 7. a3 Ba5 8. Qd3 Nbd7 9. e5 Nd5 10. Qg3 Rg8 11. Bd2 Nxc3 12. Nxc3 Nf8 13. 0-0-0 Bxc3 14. Bxc3 Ng6 15. Bd3 Qh4 16. Qxh4 Nxh4 17. Bxh7 Rh8 18. Be4 Bd7 19. g4 0-0-0 20. Bd2 f5 21. exf6 gxf6 22. Rhf1 f5 23. gxf5 Nxf5 24. Bxf5 exf5 25. Bf4 Be6 26. Be5 Rh5 27. Rg1 Rd7 28. Rg6 Bd5 29. Rdg1 Rhh7 30. a4 a5 31. b3 b5 32. axb5 cxb5 33. Ra6 Ra7 34. Rgg6 a4 35. bxa4 bxa4 36. Kb2 a3+ 37. Kxa3 Rxa6+ 38. Rxa6 Be4 39. Kb2 Rf7 40. Rf6 Rb7+ 41. Kc1 Rb4 42. Ra6 Rc4 43. Ra2 f4 44. Bxf4 Rxd4 45. Bg3 Kd7 46. Ra3 Ke6 47. Re3 Kd5 48. c3 Rd3 49. Rxd3+ Bxd3 50. Kd2 Bg6 51. Ke3 Bf7 52. Bh4 Ke5 53. Bd8 Kf5 54. Kd4 Be6 55. Kc5 Ke5 56. h4 Bf7 57. Bc7+ Ke4 58. Kd6 Kd3 59. Ba5 Kc4 60. Ke7 Bh5 61. Kf6 Kb5 62. Kg5 Be8 63. Bb4 1-0

[Event "Copenhagen Obro New Year op"]
[Site "Copenhagen"]
[Date "2012.12.29"]
[Round "5"]
[White "Percivaldi, Martin"]
[Black "Holst, Peter"]
[Result "1-0"]
[WhiteElo "2066"]
[BlackElo "1963"]
[PlyCount "101"]
[EventDate "2012.12.27"]
[EventType "swiss"]
[EventRounds "7"]
[EventCountry "DEN"]
[SourceTitle "CBM 152 Extra"]
[Source "ChessBase"]
[SourceDate "2013.02.25"]
[SourceVersion "1"]
[SourceVersionDate "2013.02.25"]
[SourceQuality "1"]

1. d4 d5 2. Nf3 Nf6 3. c4 c6 4. e3 Bf5 5. Nc3 e6 6. Nh4 Bg6 7. Be2 Nbd7 8. g3 Be7 9. 0-0 0-0 10. Nxg6 hxg6 11. b3 Qc7 12. Bb2 Rac8 13. f4 Ne4 14. Nxe4 dxe4 15. Rc1 Qa5 16. Qc2 f5 17. Rfd1 Kf7 18. Bc3 Bb4 19. Bxb4 Qxb4 20. Qb2 Nf6 21. a3 Qe7 22. h4 Rcd8 23. b4 Rd7 24. Qb3 Rfd8 25. c5 Nd5 26. Kf2 Rh8 27. Rh1 Rdd8 28. Bc4 a6 29. a4 Ra8 30. Ra1 Ra7 31. Ke2 Qd7 32. Rhb1 Rha8 33. Kd2 Qe7 34. Qd1 Qc7 35. Bxd5 exd5 36. Qe2 Qd8 37. Rh1 Qf6 38. g4 Rh8 39. g5 Qd8 40. h5 Ra8 41. hxg6+ Kxg6 42. Rxh8 Qxh8 43. Qg2 Kf7 44. Rh1 Qf8 45. Rh7 b6 46. Qh3 Ke6 47. Qh5 Qf7 48. cxb6 Qxh5 49. Rxh5 a5 50. bxa5 Rxa5 51. b7 1-0

[Event "Taastrup Quick Weekend 11th B1"]
[Site "Taastrup"]
[Date "2010.04.18"]
[Round "4"]
[White "Marshall, Michael"]
[Black "Holst, Peter"]
[Result "1/2-1/2"]
[WhiteElo "1809"]
[BlackElo "1859"]
[PlyCount "65"]
[EventDate "2010.04.16"]
[EventType "tourn"]
[EventRounds "5"]
[EventCountry "DEN"]
[SourceTitle "EXT 2023"]
[Source "ChessBase"]
[SourceDate "2022.10.05"]
[SourceVersion "1"]
[SourceVersionDate "2022.10.05"]
[SourceQuality "1"]

1. d4 d5 2. Nf3 Nf6 3. e3 c6 4. c4 e6 5. Nbd2 Nbd7 6. b3 Bd6 7. Bb2 Qe7 8. Ne5 Ba3 9. Bxa3 Qxa3 10. Bd3 a5 11. Nxd7 Bxd7 12. 0-0 Qe7 13. Nf3 0-0 14. c5 Ng4 15. h3 Nh6 16. Qc2 f5 17. Ne5 Nf7 18. Nxf7 Rxf7 19. f4 g5 20. Qf2 Rg7 21. g3 Kh8 22. Kh2 g4 23. h4 b5 24. cxb6 Qb4 25. Qc2 Qxb6 26. Rfc1 h5 27. Qc5 Qxc5 28. Rxc5 Be8 29. Kg1 Rb7 30. Bc2 Kg7 31. Kf1 Kf6 32. Ke1 Ke7 33. Ke2 1/2-1/2

[Event "Taastrup Quick Weekend 11th B1"]
[Site "Taastrup"]
[Date "2010.04.16"]
[Round "1"]
[White "Holst, Peter"]
[Black "Holst, Lasse"]
[Result "1/2-1/2"]
[WhiteElo "1859"]
[BlackElo "1831"]
[PlyCount "31"]
[EventDate "2010.04.16"]
[EventType "tourn"]
[EventRounds "5"]
[EventCountry "DEN"]
[SourceTitle "EXT 2023"]
[Source "ChessBase"]
[SourceDate "2022.10.05"]
[SourceVersion "1"]
[SourceVersionDate "2022.10.05"]
[SourceQuality "1"]

1. d4 Nf6 2. Nf3 g6 3. c4 Bg7 4. Nc3 0-0 5. e4 d6 6. Be2 e5 7. d5 Nbd7 8. 0-0 Nc5 9. Qc2 a5 10. Bg5 h6 11. Bh4 Bd7 12. Nd2 Qe8 13. f3 Nh5 14. Bf2 b6 15. Rfe1 Nf4 16. Bf1 1/2-1/2

[Event "Copenhagen AS04 Centenary"]
[Site "Copenhagen"]
[Date "2004.02.07"]
[Round "1"]
[White "Kongsted, Halfdan Christian"]
[Black "Holst, Peter"]
[Result "1-0"]
[WhiteElo "2258"]
[BlackElo "2027"]
[PlyCount "95"]
[EventDate "2004.02.07"]
[EventType "swiss"]
[EventRounds "9"]
[EventCountry "DEN"]
[SourceTitle "CBM 098 Extra"]
[Source "ChessBase"]
[SourceDate "2004.03.10"]
[SourceVersion "2"]
[SourceVersionDate "2004.03.10"]
[SourceQuality "1"]

1. Nf3 Nf6 2. d4 d5 3. c4 c6 4. e3 Bf5 5. Nbd2 Nbd7 6. Nh4 Bg6 7. g3 e5 8. Be2 Be7 9. 0-0 0-0 10. cxd5 cxd5 11. dxe5 Ne4 12. Nxg6 hxg6 13. e6 Ndc5 14. exf7+ Rxf7 15. Nxe4 Nxe4 16. Bg4 Qd6 17. Qe2 Raf8 18. f3 Nf6 19. Bh3 Qb6 20. Bd2 Bc5 21. b4 Be7 22. Bc3 Ne8 23. Bd4 Qd6 24. Rad1 b6 25. a3 Nc7 26. Bg2 Qe6 27. Rd2 Re8 28. Re1 Bf6 29. Qd3 Bxd4 30. Qxd4 Rd7 31. Ree2 Qf6 32. f4 Qxd4 33. Rxd4 Rde7 34. Kf2 Nb5 35. Bxd5+ Kf8 36. Rd3 Rd8 37. e4 Nd6 38. Kf3 Rc7 39. Bb3 Ke7 40. Red2 Rcd7 41. g4 b5 42. e5 Nc4 43. Rxd7+ Rxd7 44. Rxd7+ Kxd7 45. Bxc4 bxc4 46. Ke4 c3 47. Kd3 Ke6 48. h4 1-0

[Event "Lovsprings op 12th B"]
[Site "Ringsted"]
[Date "2001.04.27"]
[Round "7"]
[White "Madsen, Morten"]
[Black "Holst, Peter"]
[Result "0-1"]
[WhiteElo "1868"]
[BlackElo "1842"]
[PlyCount "86"]
[EventDate "2001.03.02"]
[EventType "swiss"]
[EventRounds "7"]
[EventCountry "DEN"]
[SourceTitle "EXT 2023"]
[Source "ChessBase"]
[SourceDate "2022.10.05"]
[SourceVersion "1"]
[SourceVersionDate "2022.10.05"]
[SourceQuality "1"]

1. e4 c5 2. c3 Nf6 3. e5 Nd5 4. Bc4 Qc7 5. Nf3 Nb6 6. Bb3 e6 7. 0-0 d6 8. d4 Be7 9. a4 Bd7 10. a5 Nc8 11. Bf4 d5 12. Nbd2 a6 13. dxc5 Bxc5 14. Ba4 Bxa4 15. Rxa4 Nc6 16. Nb3 Be7 17. Qe2 N8a7 18. c4 dxc4 19. Rxc4 Rd8 20. Be3 Qb8 21. Rg4 g6 22. Bb6 Rd5 23. Re1 h5 24. Rc4 Nc8 25. Bc5 Bxc5 26. Rxc5 Rxc5 27. Nxc5 Nxa5 28. Rd1 Qc7 29. Nd7 Nb6 30. Nf6+ Kf8 31. h4 Kg7 32. Qd2 Nc6 33. Qg5 Qe7 34. Rd6 Qc7 35. g4 hxg4 36. Nxg4 Rh5 37. Qf4 Nd5 38. Rxd5 exd5 39. Nf6 Rh8 40. Nxd5 Qd8 41. Nf6 Nxe5 42. Ne8+ Rxe8 43. Nxe5 Qf6 0-1

[Event "Lovsprings op 12th B"]
[Site "Ringsted"]
[Date "2001.03.09"]
[Round "2"]
[White "Olsen, Morten Henrik"]
[Black "Holst, Peter"]
[Result "0-1"]
[WhiteElo "1735"]
[BlackElo "1842"]
[PlyCount "80"]
[EventDate "2001.03.02"]
[EventType "swiss"]
[EventRounds "7"]
[EventCountry "DEN"]
[SourceTitle "EXT 2023"]
[Source "ChessBase"]
[SourceDate "2022.10.05"]
[SourceVersion "1"]
[SourceVersionDate "2022.10.05"]
[SourceQuality "1"]

1. e4 c5 2. Nf3 e6 3. d4 cxd4 4. Nxd4 Nf6 5. Nc3 Bb4 6. e5 Ne4 7. Bd2 Qb6 8. Nxe4 Qxd4 9. Qe2 Bxd2+ 10. Nxd2 Qxb2 11. Rb1 Qxc2 12. Qg4 0-0 13. Bc4 Nc6 14. f4 Na5 15. Be2 b6 16. h4 Bb7 17. Rh3 Qg6 18. Qg5 Qxg5 19. hxg5 Bxg2 20. Rh2 Bd5 21. Kf2 g6 22. Bf3 Bxf3 23. Kxf3 Kg7 24. Rh6 Rh8 25. Rbh1 Kf8 26. Ne4 Nc4 27. Nf6 Ke7 28. Rd1 d6 29. Ke4 Rad8 30. Rdh1 dxe5 31. fxe5 Rd2 32. Nxh7 Rxa2 33. Nf6 Rd8 34. Rh8 Rad2 35. R8h7 Re2+ 36. Kf3 Re3+ 37. Kg2 Rd2+ 38. Kf1 Rd1+ 39. Kf2 Rxh1 40. Rxh1 Rxe5 0-1

[Event "Lovsprings op 10th B"]
[Site "Ringsted"]
[Date "1998.04.17"]
[Round "4"]
[White "Olsen, Morten Henrik"]
[Black "Holst, Peter"]
[Result "0-1"]
[WhiteElo "1724"]
[BlackElo "1840"]
[PlyCount "28"]
[EventDate "1998.03.13"]
[EventType "swiss"]
[EventRounds "7"]
[EventCountry "DEN"]
[SourceTitle "EXT 2023"]
[Source "ChessBase"]
[SourceDate "2022.10.05"]
[SourceVersion "1"]
[SourceVersionDate "2022.10.05"]
[SourceQuality "1"]

1. e4 c5 2. Nf3 Nc6 3. d4 cxd4 4. Nxd4 Nf6 5. Nc3 e5 6. Nxc6 bxc6 7. f3 Bb4 8. Bd2 0-0 9. a3 Be7 10. h4 d5 11. exd5 cxd5 12. h5 d4 13. Ne4 Nxe4 14. fxe4 Bh4+ 0-1

[Event "Lovsprings op 08th B"]
[Site "Ringsted"]
[Date "1996.04.26"]
[Round "7"]
[White "Holst, Peter"]
[Black "Jorgensen, Lars"]
[Result "1/2-1/2"]
[WhiteElo "1800"]
[BlackElo "1753"]
[PlyCount "30"]
[EventDate "1996.03.08"]
[EventType "swiss"]
[EventRounds "7"]
[EventCountry "DEN"]
[SourceTitle "EXT 2023"]
[Source "ChessBase"]
[SourceDate "2022.10.05"]
[SourceVersion "1"]
[SourceVersionDate "2022.10.05"]
[SourceQuality "1"]

1. e4 c5 2. Nf3 e6 3. d4 cxd4 4. Nxd4 Nf6 5. Nc3 Bb4 6. e5 Ne4 7. Qg4 Qa5 8. Qxe4 Bxc3+ 9. bxc3 Qxc3+ 10. Kd1 Qxa1 11. Nb5 Kd8 12. Nd6 Rf8 13. Nxb7+ Bxb7 14. Qxb7 Qd4+ 15. Bd3 Qd5 1/2-1/2

[Event "Lovsprings op 08th B"]
[Site "Ringsted"]
[Date "1996.04.19"]
[Round "6"]
[White "Holst, Peter"]
[Black "Haar, Bjarne"]
[Result "1-0"]
[WhiteElo "1800"]
[BlackElo "1870"]
[PlyCount "67"]
[EventDate "1996.03.08"]
[EventType "swiss"]
[EventRounds "7"]
[EventCountry "DEN"]
[SourceTitle "EXT 2023"]
[Source "ChessBase"]
[SourceDate "2022.10.05"]
[SourceVersion "1"]
[SourceVersionDate "2022.10.05"]
[SourceQuality "1"]

1. e4 d6 2. d4 Nf6 3. Nc3 g6 4. f3 Bg7 5. Be3 0-0 6. Qd2 Re8 7. Bh6 Bh8 8. 0-0-0 c6 9. h4 Qa5 10. Kb1 b5 11. g4 b4 12. Nce2 Be6 13. Nc1 Qb6 14. h5 a5 15. hxg6 fxg6 16. Be3 Qb7 17. Qh2 Nbd7 18. e5 Nb6 19. exf6 exf6 20. Bd2 Nd5 21. Nge2 a4 22. Nd3 b3 23. cxb3 axb3 24. a3 Nb6 25. Nef4 Bd5 26. Nxd5 Nxd5 27. Nf4 Ra4 28. Nxd5 cxd5 29. Bc3 Qd7 30. Bd3 f5 31. gxf5 Re3 32. fxg6 Rxd3 33. Qxh7+ Qxh7 34. gxh7+ 1-0